|
|
|
|
| LEADER |
01260nam a2200349Ia 4500 |
| 001 |
EBC232111 |
| 003 |
MiAaPQ |
| 005 |
20200520144314.0 |
| 006 |
m o d | |
| 007 |
cr cn||||||||| |
| 008 |
040929s2005 ne a sb 001 0 eng d |
| 010 |
|
|
|z 2004022862
|
| 020 |
|
|
|z 0750677996 (alk. paper)
|
| 035 |
|
|
|a (MiAaPQ)EBC232111
|
| 035 |
|
|
|a (Au-PeEL)EBL232111
|
| 035 |
|
|
|a (CaPaEBR)ebr10127924
|
| 035 |
|
|
|a (CaONFJC)MIL62626
|
| 035 |
|
|
|a (OCoLC)936898069
|
| 040 |
|
|
|a MiAaPQ
|c MiAaPQ
|d MiAaPQ
|
| 050 |
|
4 |
|a HD53
|b .P47 2005
|
| 082 |
0 |
4 |
|a 338.5
|2 22
|
| 245 |
0 |
0 |
|a Perspectives on intellectual capital
|h [electronic resource] /
|c edited by Bernard Marr.
|
| 260 |
|
|
|a Amsterdam ;
|a Boston :
|b Elsevier Butterworth Heinemann,
|c c2005.
|
| 300 |
|
|
|a xviii, 235 p. :
|b ill.
|
| 504 |
|
|
|a Includes bibliographical references and index.
|
| 533 |
|
|
|a Electronic reproduction. Ann Arbor, MI : ProQuest, 2015. Available via World Wide Web. Access may be limited to ProQuest affiliated libraries.
|
| 650 |
|
0 |
|a Intellectual capital.
|
| 650 |
|
0 |
|a Human capital.
|
| 655 |
|
4 |
|a Electronic books.
|
| 700 |
1 |
|
|a Marr, Bernard.
|
| 710 |
2 |
|
|a ProQuest (Firm)
|
| 856 |
4 |
0 |
|u https://ebookcentral.proquest.com/lib/matrademy/detail.action?docID=232111
|z Click to View
|